Welcome to CU Library Online Public Access Catalogue (OPAC)

Webster's New World dictionary of the American language. (Record no. 7258)

MARC details
000 -LEADER
fixed length control field 00619cam a2200181u 4500
001 - CONTROL NUMBER
control field 6975936
005 - DATE AND TIME OF LATEST TRANSACTION
control field 20250809132158.0
008 - FIXED-LENGTH DATA ELEMENTS--GENERAL INFORMATION
fixed length control field 990113s1953 nyuab 000 0 eng
050 00 - LIBRARY OF CONGRESS CALL NUMBER
Classification number PE1625
Item number .N56 1953
245 00 - TITLE STATEMENT
Title Webster's New World dictionary of the American language.
250 ## - EDITION STATEMENT
Edition statement Encyclopedic ed.
260 ## - PUBLICATION, DISTRIBUTION, ETC.
Place of publication, distribution, etc. New York,
Name of publisher, distributor, etc. P. F. Collier
Date of publication, distribution, etc. [c1953]
300 ## - PHYSICAL DESCRIPTION
Extent 2 v. (xxxvii, 2068 p.)
Other physical details illus. (part col.) maps.
Dimensions 26cm.
500 ## - GENERAL NOTE
General note Published in 1928 under title: New World dictionary.
650 #0 - SUBJECT ADDED ENTRY--TOPICAL TERM
Topical term or geographic name entry element English language
Geographic subdivision United States
Form subdivision Dictionaries.
700 1# - ADDED ENTRY--PERSONAL NAME
Personal name Webster, Noah,
Dates associated with a name 1758-1843.
942 ## - ADDED ENTRY ELEMENTS (KOHA)
Source of classification or shelving scheme Library of Congress Classification
Koha item type Books
Suppress in OPAC No
999 ## -
-- 7258
-- 7258
Holdings
Withdrawn status Lost status Source of classification or shelving scheme Damaged status Not for loan Collection Home library Current library Shelving location Date acquired Total checkouts Full call number Barcode Date last seen Copy number Price effective from Koha item type
    Library of Congress Classification     Reference Undergraduate Library (Christ Temple) Undergraduate Library (Christ Temple) General stacks 08/09/2025   REF PE1625 WEB ulct00004313 08/09/2025 1 08/09/2025 Books
© 2023-2024 Copyright: Central University Libraries. All Rights Reserved | Created by: Mahone Tech Office